000 00751nam a22002057a 4500
003 OSt
005 20230118112818.0
008 221021b |||||||| |||| 00| 0 eng d
020 _a968 5059 16 0
040 _cBiblioteca LadoV
082 _a708
_bA786a
100 _9556
_aArteaga, Agustin
_ecurador
245 _aApuntes para una Colección del siglo XXI/
_bNuevas adquisiciones de obra de arte/
260 _aLeonardo Periodici, S.A.
_bSecretaria de relaciones exteriores
_c1999
300 _a133p.
_c25x27cm
650 _2Tesauro de Arte & Arquitectura
_aCATALOGO
650 _2Tesauro de Arte & Arquitectura
_aNUEVAS ADQUISICIONES
650 _2Tesauro de Arte & Arquitectura
_aCOLECCION
942 _2ddc
_c1
_h708
_iA786a
_n0
999 _c2813
_d2813